Formule 1 2025 - Pilotes, écuries et pays - Statistiques

Statistiques générales
  • Ce quiz a été pris 74 fois
  • Le résultat moyen est 40 sur 55
Statistiques - réponses
Réponse % Correct
Ferrari
98%
Red Bull
98%
Charles Leclerc
96%
Lewis Hamilton
96%
Max Verstappen
96%
Alpine
93%
Lando Norris
93%
Oscar Piastri
93%
McLaren
91%
Mercedes
91%
Haas
87%
Pierre Gasly
87%
Aston Martin
85%
Esteban Ocon
85%
Fernando Alonso
85%
George Russell
85%
Isack Hadjar
85%
Kick Sauber
85%
Nico Hülkenberg
83%
Racing Bulls
83%
Yuki Tsunoda
83%
Andrea Kimi Antonelli
80%
Williams
80%
Alexander Albon
78%
Franco Colapinto
78%
Italie - Monza
78%
Belgique - Spa-Francorchamps
76%
Lance Stroll
76%
Carlos Sainz
74%
Gabriel Bortoleto
72%
Grande-Bretagne - Silverstone
72%
Liam Lawson
72%
Oliver Bearman
72%
Australie - Melbourne
70%
Monaco - Monaco
70%
Bahreïn - Sakhir
63%
États Unis - Austin
63%
Brésil - Interlagos
61%
Espagne - Barcelone
61%
Japon - Suzuka
61%
Qatar - Lusail
59%
Arabie Saoudite - Djeddah
57%
Canada - Montréal
57%
Jack Doohan
57%
Chine - Shanghai
54%
États Unis - Las Vegas
54%
États Unis - Miami
54%
Pays-Bas - Zandvoort
52%
Mexique - Mexico City
50%
Italie - Imola
46%
Singapour - Singapour
46%
Émirats Arabes Unis - Abou Dabi
43%
Autriche - Spielberg
41%
Azerbaïdjan - Bakou
28%
Hongrie - Budapest
24%
Aucun quiz correspondant
Distribution des résultats
% des personnes avec chaque résultat
Percentile par nombre de réponses
Votre historique - résultats
Vous n’avez pas pris ce quiz